000 00907nam a22002537a 4500
082 _a297.122
_bNAZ
_cD
100 _aHafiz Nazar Ahmed
_947059
245 _aقرآن مجید
_bAsaan Urdu Tarjuma Quran Majeed
_cHafiz Nazar Ahmed
250 _aجلد دوم پارہ گیارہ سے بیس
260 _aLahore, Paksitan
_bMuslim Academy, Muhammad Nagar
300 _a867 P. :
526 _a0
_b0
_c0
_d297_122000000000000_NAZ
526 _a0
_b0
_c0
_d297_122000000000000_NAZ
526 _a0
_b0
_c0
_d297_122000000000000_NAZ
526 _a0
_b0
_c0
_d297_122000000000000_NAZ
526 _a0
_b0
_c0
_d297_122000000000000_NAZ
526 _a0
_b0
_c0
_d297_122000000000000_NAZ
526 _a0
_b0
_c0
_d297_122000000000000_NAZ
526 _a0
_b0
_c0
_d297_122000000000000_NAZ
526 _a0
_b0
_c0
_d297_122000000000000_NAZ
526 _a0
_b0
_c0
_d297_122000000000000_NAZ
650 _aMCE
_9379
942 _2ddc
_cBK
999 _c550357
_d550357